| 000 | 00972nam a22003137a 4500 | ||
|---|---|---|---|
| 001 | BR0404029 | ||
| 003 | BR-BrBNA | ||
| 005 | 20230928101704.0 | ||
| 007 | ta | ||
| 008 | 230509b bl.||||| |||| 00| 0 por d | ||
| 040 |
_aBR-BrBNA _bpor _cBiblioteca Nacional de Agricultura |
||
| 041 | _a(Por) | ||
| 072 |
_aF63; F03; F60 _b1122 _b3575 _b3530 |
||
| 090 | _ 1122 BR0404029 | ||
| 100 | 1 | _aWisner, L.V.A. | |
| 110 | 1 |
_aUniversidade Federal de Lavras, MG (Brasil) _0Tese (Mestrado) |
|
| 245 | 1 | _aDeterminação precoce do sexo do mamoeiro por caracteres físicos das sementes e padrões isoenzimáticos das mudas | |
| 260 | 3 |
_aLavras, MG (Brasil): _c2004. |
|
| 300 | _a42 p. | ||
| 500 | _aSummaries (Eng, Por); 37 ref.; 14 tables; 6 illus. | ||
| 650 | _aMAMÃO | ||
| 650 | _aMUDA | ||
| 650 | _aREPRODUÇÃO VEGETAL | ||
| 650 | _aSEMENTE | ||
| 650 | _aANÁLISE FÍSICA | ||
| 650 | _aATIVIDADE ENZÍMICA | ||
| 909 |
_a202309 _bLucia _c55 _dLucia Elande |
||
| 942 | _cBK | ||
| 999 |
_c67084 _d67084 |
||